FC Metz ou RC Strasbourg ? - Statistiques

Statistiques générales
  • Ce quiz a été pris 291 fois
    179 depuis la dernière actualisation
  • Le résultat moyen est 5 sur 9
Statistiques - réponses
Question Réponse % Correct
Est en ligue 1 23-24 Les deux
76%
A gagné une coupe de la ligue après 2010 RCSA
72%
A gagné une coupe de France Les deux
71%
Alexandre oukidja à joué pour Les deux
71%
A gagné une ligue 1 RCSA
71%
Dont le stade à la meilleure ambiance RCSA
55%
A eu comme coach Frédéric Antonetti Les deux
53%
A un plus grand stade que Lens Aucun
48%
A été en quarts de finale de la ligue des champions RCSA
26%
Aucun quiz correspondant
Distribution des résultats
% des personnes avec chaque résultat
Percentile par nombre de réponses
Votre historique - résultats
Vous n’avez pas pris ce quiz depuis la dernière actualisation